000 00946nam a22002417a 4500
001 4992
003 FISKH
005 20241030144929.0
008 241030b cb ||||| |||| 00| 0 eng d
020 _a9780545290012
040 _aFISKH
_beng
_cFISKH
_dFISKH
050 _aE185.A3
082 _a323.1196
100 _aPartridge, Elizabeth
245 _aMarching For Freedom :
_bWalk Together Children and Don't You Grow Weary /
_cby Elizabeth Partridge
250 _aFirst Scholastic printing, September 2010
260 _aNew York :
_bScholastic ;
_c2009.
300 _a72 pages :
_billustrations ;
_c23 cm .
520 _aThis book recounts the three months of protest that took place before Dr. Martin Luther King, Jr.'s landmark march from Selma, Alabama, to Montgomery to promote equal rights and help African-Americans earn the right to vote.
650 _aCivil Rights Movement
_vnon-fiction
942 _2ddc
_cBK
_n0
999 _c4992
_d4992